Câu hỏi và bài tập tự luận - trắc nghiệm Sinh học 12
v.v...
Đã lưu trong:
| Tác giả chính: | |
|---|---|
| Định dạng: | Sách |
| Năm xuất bản: |
H.
ĐHSP
2008
|
| Chủ đề: | |
| Tags: |
Thêm thẻ
Không có thẻ, Hãy là người đầu tiên gắn thẻ bản ghi này!
|
| LEADER | 01436nam a2200229 4500 | ||
|---|---|---|---|
| 082 | |a 570.76 |b TR312NG | ||
| 100 | |a Trịnh Nguyên Giao | ||
| 245 | |a Câu hỏi và bài tập tự luận - trắc nghiệm Sinh học 12 |c Trịnh Nguyên Giao, Phan Thu Phương | ||
| 260 | |a H. |b ĐHSP |c 2008 | ||
| 300 | |a 151 tr |c 24 cm | ||
| 520 | |a v.v... | ||
| 653 | |a Sinh học | ||
| 653 | |a Lớp 12 | ||
| 653 | |a Trắc nghiệm | ||
| 653 | |a Bài tập | ||
| 942 | |2 ddc |c STK0 | ||
| 999 | |c 7315 |d 7315 | ||
| 952 | |0 0 |1 0 |2 ddc |4 0 |6 570_760000000000000_TR312NG |7 0 |8 500 |9 67222 |a qbu |b qbu |c D3 |d 2015-02-04 |g 23000 |o 570.76 TR312NG |p 7048.c1 |r 0000-00-00 |w 2015-02-04 |y STK0 |0 0 |6 570_760000000000000_TR312NG | ||
| 952 | |0 0 |1 0 |2 ddc |4 0 |6 570_760000000000000_TR312NG |7 0 |8 500 |9 67223 |a qbu |b qbu |c D3 |d 2015-02-04 |g 23000 |o 570.76 TR312NG |p 7048.c2 |r 0000-00-00 |w 2015-02-04 |y STK0 |0 0 |6 570_760000000000000_TR312NG | ||
| 952 | |0 0 |1 0 |2 ddc |4 0 |6 570_760000000000000_TR312NG |7 0 |8 500 |9 67224 |a qbu |b qbu |c D3 |d 2015-02-04 |g 23000 |o 570.76 TR312NG |p 7048.c3 |r 0000-00-00 |w 2015-02-04 |y STK0 |0 0 |6 570_760000000000000_TR312NG | ||
| 952 | |0 0 |1 0 |2 ddc |4 0 |6 570_760000000000000_TR312NG |7 0 |8 500 |9 67225 |a qbu |b qbu |c D3 |d 2015-02-04 |g 23000 |o 570.76 TR312NG |p 7048.c4 |r 0000-00-00 |w 2015-02-04 |y STK0 |0 0 |6 570_760000000000000_TR312NG | ||
| 952 | |0 0 |1 0 |2 ddc |4 0 |6 570_760000000000000_TR312NG |7 0 |8 500 |9 67226 |a qbu |b qbu |c D3 |d 2015-02-04 |g 23000 |o 570.76 TR312NG |p 7048.c5 |r 0000-00-00 |w 2015-02-04 |y STK0 |0 0 |6 570_760000000000000_TR312NG | ||